Bimbingan akhlak muslim
| Main Author: | |
|---|---|
| Format: | Book |
| Published: |
Selangor :
Thinker's Library ,
1987
|
| Subjects: |
MARC
| LEADER | 00000cam a2200000 7i4500 | ||
|---|---|---|---|
| 001 | 0000004188 | ||
| 005 | 20040427093000.0 | ||
| 008 | 021118s1987 | ||
| 020 | |a 9676901393 | ||
| 090 | 0 | 0 | |a BJ1291 |b .A3 |
| 100 | 0 | |a Ahmadi, E. Ali , |e author | |
| 245 | 1 | 0 | |a Bimbingan akhlak muslim |c E. Ali Ahmadi Rn |
| 260 | 2 | |a Selangor : |b Thinker's Library , |c 1987 | |
| 300 | |a 81 ms. ; |c 21 sm. | ||
| 650 | 0 | |a Islamic ethics | |
| 999 | |a 1000000768 |b Book |c OPEN SHELF (30 DAYS) |e Gong Badak Campus | ||